| 000 | 00755nam a2200205 i 4500 | ||
|---|---|---|---|
| 001 | 157015 | ||
| 003 | ES-MaACL | ||
| 005 | 20250808073459.0 | ||
| 008 | 010510s1883 fr |||| | fre d | ||
| 100 | 1 |
_aLanfrey, Pierre. _969996 |
|
| 245 | 1 | 0 |
_aChroniques politiques _b: 1860-1865 / _cP. Lanfrey ; avec une préface par L. de Ronchaud. |
| 260 |
_aParis : _bG. Charpentier et Cie., _c1883 ( _fImp. E. Capiomont et V. Renault) |
||
| 300 |
_a2 v. ; _c18 cm. |
||
| 490 | 1 | _aOeuvres complètes de P. Lanfrey | |
| 651 | 7 |
_aFrancia- _xPolítica y gobierno- _y1848-1870 _2 _9172896 |
|
| 700 | 1 |
_aRonchaud, Louis de. _999501 |
|
| 830 | 1 |
_aOeuvres complètes de P. Lanfrey _9221747 |
|
| 852 |
_aES-MaACL _jF-9269-70 _z- Enc. pasta |
||
| 999 |
_c157015 _d157015 |
||